Standard Boiler Operators Questions and Answers (Record no. 330548)

000 -LEADER
fixed length control field 00590nam a22001817a 4500
003 - CONTROL NUMBER IDENTIFIER
control field NUST
005 - DATE AND TIME OF LATEST TRANSACTION
control field 20170719164539.0
008 - FIXED-LENGTH DATA ELEMENTS--GENERAL INFORMATION
fixed length control field 110712t xxu||||| |||| 00| 0 eng d
020 ## - INTERNATIONAL STANDARD BOOK NUMBER
International Standard Book Number 0070992924
040 ## - CATALOGING SOURCE
Transcribing agency 0
082 ## - DEWEY DECIMAL CLASSIFICATION NUMBER
Classification number 621.194 ELO
100 ## - MAIN ENTRY--PERSONAL NAME
Personal name Elonka,Stephen M.
9 (RLIN) 441
245 ## - TITLE STATEMENT
Title Standard Boiler Operators Questions and Answers
Statement of responsibility, etc. Stephen M.Elonka
260 ## - PUBLICATION, DISTRIBUTION, ETC.
Place of publication, distribution, etc. New Delhi
Name of publisher, distributor, etc. Tata McGraw Hill
Date of publication, distribution, etc. 2005
300 ## - PHYSICAL DESCRIPTION
Extent 365p.
500 ## - GENERAL NOTE
General note P.B
563 ## - BINDING INFORMATION
Binding note PBc
650 ## - SUBJECT ADDED ENTRY--TOPICAL TERM
Topical term or geographic name entry element Boiler Operators
9 (RLIN) 442
942 ## - ADDED ENTRY ELEMENTS (KOHA)
Source of classification or shelving scheme
Koha item type Book
Call number prefix IESE
Holdings
Withdrawn status Lost status Source of classification or shelving scheme Damaged status Not for loan Collection code Permanent Location Current Location Shelving location Date acquired Total Checkouts Full call number Barcode Date last seen Price effective from Koha item type
            Institute of Environmental Science and Engineering (IESE) Institute of Environmental Science and Engineering (IESE) General Stacks 07/19/2017   621.194 ELO IESE-1200 07/19/2017 07/19/2017 Book
© 2023 Central Library, National University of Sciences and Technology. All Rights Reserved.